| 000 | 00624nam a2200193Ii 4500 | ||
|---|---|---|---|
| 003 | JO-AjNU | ||
| 008 | 230605s9999||||xx |||||||||||||| ||und|| | ||
| 040 |
_aJO-AjNU _bara _erda _cJO-AjNU |
||
| 041 | _aara | ||
| 050 | 1 | 4 | _aQ180.D39 2005 |
| 100 | 3 |
_aداود، عزيز, _eauthor _922574 |
|
| 245 | 0 | 0 | _aمبادئ البحث العلمي والتربوي |
| 264 | 3 | 1 | _aعمان:دار اسامة ، 2005 |
| 300 | _a152ص | ||
| 336 |
_atext _btxt _2rdacontent |
||
| 337 |
_aunmediated _bn _2rdamedia |
||
| 338 |
_avolume _bnc _2rdacarrier |
||
| 650 | 4 |
_aالبحث التربوي -الابحاث التربوية _922575 |
|
| 999 |
_aA8035 _c11603 _d11603 |
||